Maths workbook 4 / (Record no. 127944)
[ view plain ]
| 000 -LEADER | |
|---|---|
| fixed length control field | 00701nam a22002297a 4500 |
| 005 - DATE AND TIME OF LATEST TRANSACTION | |
| control field | 20170124110032.0 |
| 010 ## - LIBRARY OF CONGRESS CONTROL NUMBER | |
| LC control number | B-102024 |
| 020 ## - INTERNATIONAL STANDARD BOOK NUMBER | |
| International Standard Book Number | 9788125915614 |
| Terms of availability | 58.00 |
| 035 ## - SYSTEM CONTROL NUMBER | |
| System control number | B-102024 |
| 037 ## - SOURCE OF ACQUISITION | |
| Source of stock number/acquisition | Cen Lib/Ret |
| 040 ## - CATALOGING SOURCE | |
| Original cataloging agency | DPL |
| Language of cataloging | EN |
| 082 ## - DEWEY DECIMAL CLASSIFICATION NUMBER | |
| Classification number | 510 |
| Item number | FAN |
| 100 ## - MAIN ENTRY--PERSONAL NAME | |
| Personal name | Fanthome, Dorothy |
| 9 (RLIN) | 20580 |
| 245 ## - TITLE STATEMENT | |
| Title | Maths workbook 4 / |
| Statement of responsibility, etc | by Dorothy Fanthome [and] Saroj Sharma |
| 260 ## - PUBLICATION, DISTRIBUTION, ETC. (IMPRINT) | |
| Place of publication, distribution, etc | New Delhi |
| Name of publisher, distributor, etc | Maduban Educational Books |
| Date of publication, distribution, etc | 2003 |
| 270 ## - ADDRESS | |
| Address | 576, Masjid Road Jangpura |
| City | New Delhi |
| Postal code | 110014 |
| 300 ## - PHYSICAL DESCRIPTION | |
| Extent | 106p. : |
| Dimensions | 23cm(pbk) |
| Other physical details | ill. |
| 650 ## - SUBJECT ADDED ENTRY--TOPICAL TERM | |
| Topical term or geographic name as entry element | Mathematics |
| 9 (RLIN) | 8937 |
| 650 ## - SUBJECT ADDED ENTRY--TOPICAL TERM | |
| Topical term or geographic name as entry element | Mathematics -- Workbook |
| 9 (RLIN) | 71889 |
| 700 ## - ADDED ENTRY--PERSONAL NAME | |
| Personal name | Sharma, Saroj |
| 9 (RLIN) | 17817 |
| 942 ## - ADDED ENTRY ELEMENTS (KOHA) | |
| Source of classification or shelving scheme | Dewey Decimal Classification |
| Koha item type | English Books |
| Classification part | 510 |
| Call number suffix | FAN |
| Withdrawn status | Lost status | Damaged status | Not for loan | Home library | Current library | Date acquired | Source of acquisition | Cost, normal purchase price | Total Checkouts | Full call number | Barcode | Date last seen | Copy number | Cost, replacement price | Price effective from | Koha item type |
|---|---|---|---|---|---|---|---|---|---|---|---|---|---|---|---|---|
| Central Library | Central Library | 01/07/2015 | Cen Lib/Ret | 58.00 | 510 FAN | B-102024 | 01/07/2015 | 1 | 58.00 | 01/07/2015 | English Books |
